• 首页
  • 本馆介绍
  • 公告通知
  • 最新文献
  • 馆藏检索
  • 电子资源
  • 读者导购
  • 参考咨询
  • 我的图书馆
  • 登录
  • 详细信息显示
  • 放入我的书架
  • 预约/预借图书
  • 作者相关作品
  • 分类相关作品
  • 丛书相关作品
  • 出版社相关作品

书目信息

  • 表格格式
  • 工作单格式
  • 卡片格式
题名:
中亚文明史
    
 
作者: 哈尔马塔 主编 ;徐文堪 译
分册: 第二卷   定居文明与游牧文明的发展:公元前700年至公元250年
出版信息: 北京   中国对外翻译出版公司  2002
页数: 482页
开本: 24cm
丛书名:
单 册:
中图分类: K360.3
科图分类:
主题词: 文化史--中亚--前700~250
电子资源:
ISBN: 7-5001-0839-7
000 01059nam0 2200241 45
001 012002032520
005 20041229090726.4
010    @a7-5001-0839-7@dCNY60.00
100    @a20020405d2002 em y0chiy0110 ea
101 1  @achi@ceng
102    @aCN@b110000
105    @aab z 001yy
200 1  @a中亚文明史@Azhong ya wen ming shi@dHistory of Civilizations of CentralAsia@h第二卷@i定居文明与游牧文明的发展:公元前700年至公元250年@f(匈牙利)哈尔马塔主编@F(Xiong Ya Li)Ha Er Ma Ta Zhu Bian@g徐文堪译
210    @a北京@c中国对外翻译出版公司@d2002
215    @a482页@c图片,地图@d24cm
330    @a本卷追溯了中亚广大地区从旧石器时代开始,直到大约公元前700年伟大的阿黑门尼德帝国奠定建国基础之时的人类历史。
517    @a定居文明与游牧文明的发展:公元前700年至公元250年@ADing Ju Wen Ming Yu You Mu Wen Ming De Fa Zhan:Gong Yuan Qian 700 Nian Zhi Gong Yuan 250 Nian
606 0  @a文化史@y中亚@z前700~250
690    @aK360.3@v4
701  0 @a哈尔马塔@4主编
702  0 @a徐文堪@AXu Wen Kan@4译
801  0 @aCN@bNLC@c20020419
905    @b340977@dK360.3@e5:2@f1
    
    中亚文明史=History of Civilizations of CentralAsia.第二卷.定居文明与游牧文明的发展:公元前700年至公元250年/(匈牙利)哈尔马塔主编/徐文堪译.-北京:中国对外翻译出版公司,2002
    482页:图片,地图;24cm
    
    
    ISBN 7-5001-0839-7:CNY60.00
    本卷追溯了中亚广大地区从旧石器时代开始,直到大约公元前700年伟大的阿黑门尼德帝国奠定建国基础之时的人类历史。
●
相关链接 在E读中查询图书 在五车中查询图书 在当当中查询图书 在豆瓣中查询图书


正题名:中亚文明史     索取号:K360.3/5:2         预约/预借

序号 登录号 条形码 馆藏地/架位号 状态 备注
1 0340977   203409775   第二样本阅览室/ [索取号:K360.3/5:2] 在馆    
唐山师范学院图书馆 欢迎您!
大连网信软件有限公司© 版权所有